| 000 | 00681nam a2200205 i 4500 | ||
|---|---|---|---|
| 001 | 000001433 | ||
| 005 | 20200929145557.0 | ||
| 008 | 771007s1973 ja a 001 0 eng | ||
| 040 |
_aDO-SdBNP _cDLC _dDLC |
||
| 082 |
_a952 _bJ355c |
||
| 245 | 0 | 0 |
_aJapan's cultural history : _ba perspective / _cYutaka Tazawa ... [et al.]. |
| 260 |
_a[Tokyo] : _bMinistry of Foreign Affairs, _c1973. |
||
| 300 |
_a120 p. : _bil. ; _c21 cm. |
||
| 651 | 4 |
_aJapón _xCivilización _xHistoria _y1868. _94758 |
|
| 700 | 1 |
_aTazawa, Yutaka, _d1902- _94759 |
|
| 700 | 1 |
_aMatsubara, Saburo _94760 |
|
| 700 | 1 |
_aOkuda, Shunsuke _94761 |
|
| 700 | 1 |
_aNagahata, Yasunori _94762 |
|
| 910 | _aCatalogación por copia / LC | ||
| 999 |
_c1348 _d1348 |
||